00522nas a2200205 4500000000100000008004100001260001300042653001300055653001100068653001200079653001500091100002400106700001200130245005200142856005900194300001000253490000700263050003200270022001400302 1979 d c1979 Jun10aEthiopia10aHumans10aleprosy10aRecurrence1 aTouw-Langendijk E M1 aNaafs B00aRelapses in leprosy after release from control. uhttp://leprev.ilsl.br/pdfs/1979/v50n2/pdf/v50n2a03.pdf a123-70 v50 aInfolep Library - available a0305-7518